000 00601nam a2200193Ia 4500
999 _c11266
_d11266
003 OSt
005 20191221100236.0
008 190216s9999||||xx |||||||||||||| ||und||
020 _a9780198075349
040 _coclc
082 _a338.5024658
_bSAL/M
100 _aSalvatore, Dominick
_9459
245 0 _aManagerial Economics Principles And World Wide Applications /
_cDominick Salvatore
250 _a7th ed.
260 _bOxford University Press,
_c2013.
_aNew Delhi:
300 _a708p
650 _aEconomics
942 _cBK
_2ddc
_h338.5024658
_iSAL/M
_k338.5024658
_mSAL/M